004590000a220013300045001000023000007000024000237000019000472450139000660410013002053000010002186530021002286530021002497730055002701 aWindsor, Donald M.1 aTrapnell, Dorset W.1 aAmat, Germán10aEgg capitulum of a neotropical walkingstick, Calynda bicuspis, induces Aboveground egg dispersal by the Ponerine ant, Ectatomma ruidum0 aInglés bilus. eCalynda bicuspis eEctatomma ruidum1 tJournal of Insect Behaviorh3q353-367 p.d1996g9